Randomization, bootstrap and Monte Carlo methods in biology

Saved in:
Bibliografiske detaljer
Hovedforfatter: Manly, Bryan F. J. (autor)
Format: Bog
Sprog:engelsk
Udgivet: Londres Chapman and Hall 1997
Udgivelse:2a. ed
Serier:Chapman and Hall Texts in Statistical Science Series
Fag:
Tags: Tilføj Tag
Ingen Tags, Vær først til at tagge denne postø!

MARC

LEADER 00000nam a2200000 a 4500
001 UCS3563
003 CL-VaPUC
008 970704e19970000UK |||||||||||||||||eng|d
082 0 4 |a 519.282  |b MAN  |2 21 
100 |a Manly, Bryan F. J.  |e autor  |9 616657 
245 1 0 |a Randomization, bootstrap and Monte Carlo methods in biology 
250 |a 2a. ed 
300 |a 399 p 
942 |c BK 
945 |d 19970704 00:00:00  |a rleighto 
260 |a Londres  |b Chapman and Hall  |c 1997 
650 7 |a METODO DE MONTECARLO  |2 CL-VaPUC  |9 270705 
650 0 |a Estadística matemática  |9 260028 
650 0 |a Análisis de varianza   |9 336938 
650 0 |a Análisis de regresión   |9 263763 
583 |a last modification  |c 20121108 09:38:45  |k Rodrigo Vera 
490 0 |a Chapman and Hall Texts in Statistical Science Series 
999 |c 261221  |d 261219 
952 |0 0  |1 0  |4 0  |6 519_282000000000000_MAN_1997  |7 0  |8 A  |9 288477  |a BIBGIM  |b BIBGIM  |d 2019-11-19  |i 331488K  |o 519.282 MAN 1997  |p 331488K  |r 2025-01-15  |w 2019-11-19  |y BK  |k EST